Amparo ambiental (Registro nro. 24113)

Detalles MARC
000 -LEADER
fixed length control field 00287 a2200109 4500
001 - CONTROL NUMBER
control field ART_39926
005 - DATE AND TIME OF LATEST TRANSACTION
control field 20260410161841.0
008 - FIXED-LENGTH DATA ELEMENTS--GENERAL INFORMATION
fixed length control field 260409a
100 1# - MAIN ENTRY--PERSONAL NAME
Personal name Catalano, Mariana
245 10 - TITLE STATEMENT
Title Amparo ambiental
773 0# - HOST ITEM ENTRY
Title RAP
Related parts - Año 38, Nº 453 (jun. 2016)
Record control number REV5941

No hay ítems disponibles.